Slinky, scaly snakes / (Record no. 5671)

MARC details
000 -LEADER
fixed length control field 01019cam a2200337 a 4500
001 - CONTROL NUMBER
control field 5671
003 - CONTROL NUMBER IDENTIFIER
control field FISKH
005 - DATE AND TIME OF LATEST TRANSACTION
control field 20250113090600.0
008 - FIXED-LENGTH DATA ELEMENTS--GENERAL INFORMATION
fixed length control field 980515s1998 nyua b 000 0 eng
010 ## - LIBRARY OF CONGRESS CONTROL NUMBER
LC control number 98025068
020 ## - INTERNATIONAL STANDARD BOOK NUMBER
International Standard Book Number 078943766X (hbk. : alk. paper)
020 ## - INTERNATIONAL STANDARD BOOK NUMBER
International Standard Book Number 9780756675875
020 ## - INTERNATIONAL STANDARD BOOK NUMBER
International Standard Book Number 0789434393 (pbk. : alk. paper)
040 ## - CATALOGING SOURCE
Original cataloging agency DLC
Transcribing agency DLC
Modifying agency DLC
Language of cataloging eng
050 ## - LIBRARY OF CONGRESS CALL NUMBER
Classification number QL666.O6
082 ## - DEWEY DECIMAL CLASSIFICATION NUMBER
Classification number 597.96
100 1# - MAIN ENTRY--PERSONAL NAME
Personal name Dussling, Jennifer.
245 10 - TITLE STATEMENT
Title Slinky, scaly snakes /
Statement of responsibility, etc. written by Jennifer Dussling.
260 ## - PUBLICATION, DISTRIBUTION, ETC.
Place of publication, distribution, etc. New York :
Name of publisher, distributor, etc. DK Publishing,
Date of publication, distribution, etc. 1998.
300 ## - PHYSICAL DESCRIPTION
Extent 32 pages :
Other physical details color illustrations ;
Dimensions 23 cm
490 0# - SERIES STATEMENT
Series statement Beginning to read alone. Level 2
505 ## - FORMATTED CONTENTS NOTE
Formatted contents note N<br/>
520 ## - SUMMARY, ETC.
Summary, etc. An introduction to the physical characteristics and habits of snakes.
521 ## - TARGET AUDIENCE NOTE
Target audience note 550<br/>
Source Lexile<br/>
521 ## - TARGET AUDIENCE NOTE
Target audience note N<br/>
Source Raz-Plus<br/>
650 #0 - SUBJECT ADDED ENTRY--TOPICAL TERM
Topical term or geographic name entry element Snakes
General subdivision Juvenile literature.
650 #1 - SUBJECT ADDED ENTRY--TOPICAL TERM
Topical term or geographic name entry element Snakes.
906 ## - LOCAL DATA ELEMENT F, LDF (RLIN)
a 7
b cbc
c orignew
d 1
e ocip
f 19
g y-gencatlg
942 ## - ADDED ENTRY ELEMENTS (KOHA)
Source of classification or shelving scheme Dewey Decimal Classification
Koha item type Books
Suppress in OPAC No
Holdings
Withdrawn status Lost status Source of classification or shelving scheme Damaged status Not for loan Collection Home library Current library Shelving location Date acquired Total Checkouts Full call number Barcode Date last seen Price effective from Koha item type
    Dewey Decimal Classification     Non-Fiction Footprints International School Library Network Toul Kork Campus Footprints International School Library Network Toul Kork Campus TK Primary Library Room(4th Floor), Bookcase 3&4, Shelves 17-32, Yellow Books 01/13/2025   DUS 597.96 QL666.O6 FISTK01373 01/13/2025 01/13/2025 Books